000 00251nam a2200097Ia 4500
082 _aJ 523.41 SPAR
245 0 _aDestination : mercury
100 _a Sparrow, Giles London, [c.2009]
942 _cBK
008 210817s9999 xx 000 0 und d
999 _c382680
_d382679